000 00795cab a2200217 4500
001 WB2727-35
008 090401t xxu||||| |||| 00| 0 eng d
035 _a(Sirsi) u34467
041 _aeng
245 _aNew bypasses announced
260 _cPress Notice (201) 8 July 1991(3)
350 _a0
490 _aDepartment of Transport
_vPress Notice (201) 8 July 1991(3)
520 _aThe Government has announced which bypass schemes will go ahead and which towns will benefit from a demonstration project, which shows how to maximise the advantages of a bypass.
650 _aEnvironment
_96238
650 _aPROPERTY-INFRASTRUCTURE-TRANSPORT INFRASTRUCTURE-ROAD INFRASTRUCTURE
650 _aTRAFFIC CALMING
690 _aTRANSPORT AND COMMUNICATIONS
942 _n0
948 _c04/03/1997
999 _c22826
_d22826